000 00943nam a2200265Ia 4500
003 OSt
005 20221005110753.0
006 a|||||r|||| 00| 0
007 ta
008 221004b |||||||| |||| 00| 0 hin d
020 _a9788126718139 (hbk)
_c195
024 _a11304
037 _b8178, 20/03/2014, Rajkamal Prakashan Pvt. Ltd.
_cTextual
040 _aCRL
_cCRL
_bhin
041 _2hin
_ahin
082 _aO168,3N12,DK, 152Q3
100 _aचुग़तई, इस्मत
245 0 _aदिल की दुनिया
246 _aDil kī duniyā
260 _aनई दिल्ली
_bराजकमल प्रकाशन भारत
_c2013
300 _a110पृ0
_ccm.
650 _aउर्दू साहित्य
942 _hO168,3N12,DK, 152Q3
_cTEXL
_2cc
999 _c1019834
_d1019834